Ensiklopedia sains, teknologi dan alam sekitar abad dua puluh satu : 2 Angkasa dan planet

Bibliographic Details
Format: Book
Published: Malaysia : Time Life Books , 1993
Subjects:

MARC

LEADER 00000cam a2200000 7i4500
001 0000007739
005 20160330.0
008 070405
020 |a 9831311078 
090 0 0 |a 503   |b ENS 
245 0 0 |a Ensiklopedia sains, teknologi dan alam sekitar abad dua puluh satu :   |b 2 Angkasa dan planet 
260 |a Malaysia :   |b Time Life Books ,   |c 1993 
300 |a 10 jilid 
500 |a Teenager ages 13-18 years old (blue) 
650 0 |a Encyclopedia 
650 0 |a Planets of solar system and their satelites 
650 0 |a Teenagers   |x Malay   |x Languages 
999 |a 0000984017   |b Book   |c REFERENCE   |e Perbadanan Perpustakaan Awam Johor